[Event "Provincial-ch Valencia Preferente"]
[Site "Valencia"]
[Date "2012.10.20"]
[Round "2"]
[White "Martinez Hernandez, Javier"]
[Black "Cerdan Herraez, Manuel Vicente"]
[Result "0-1"]
[WhiteElo "1980"]
[BlackElo "1846"]
[PlyCount "112"]
[EventDate "2012.10.06"]
[EventType "swiss"]
[EventRounds "7"]
[EventCountry "ESP"]
[SourceTitle "EXT 2024"]
[Source "ChessBase"]
[SourceDate "2023.10.10"]
[SourceVersion "1"]
[SourceVersionDate "2023.10.10"]
[SourceQuality "1"]

1. e4 d5 2. Nc3 d4 3. Nce2 d3 4. cxd3 Qxd3 5. Ng3 Qd6 6. a3 e5 7. Nf3 Nc6 8. Bb5 Bd7 9. 0-0 a6 10. Bc4 h6 11. Qb3 0-0-0 12. Bxf7 Nf6 13. Qc3 Bg4 14. Bd5 Nxd5 15. exd5 Bxf3 16. Qxf3 Nd4 17. Qe4 Qxd5 18. b4 Nb3 19. Rb1 Nxc1 20. Rfxc1 Qxe4 21. Nxe4 Rd4 22. f3 Be7 23. Rc2 Rhd8 24. Rbc1 c6 25. Kf1 Kb8 26. Ke2 a5 27. bxa5 Bxa3 28. Rb1 Ka7 29. Rb3 Bb4 30. Rcb2 c5 31. d3 R8d7 32. Rc2 Rc7 33. h4 c4 34. dxc4 Rcxc4 35. Rcb2 Ka6 36. g4 Kxa5 37. Nf2 b6 38. Nd3 e4 39. Ne5 exf3+ 40. Kf2 Rc3 41. Rxc3 Bxc3 42. Ra2+ Ra4 43. Nc4+ Kb5 44. Rxa4 Bd4+ 45. Kxf3 Kxa4 46. Ke4 Bf2 47. g5 hxg5 48. hxg5 b5 49. Nb2+ Ka3 50. Nd3 Bg1 51. Nf4 b4 52. Kd3 b3 53. Ne2 Bb6 54. Nc3 Ba5 55. Ne2 b2 56. Kc2 Ka2 0-1

[Event "Benidorm op U2200 10th"]
[Site "Benidorm"]
[Date "2011.12.09"]
[Round "9"]
[White "Martinez Hernandez, Javier"]
[Black "Basilio Rodriguez, Jose Manuel"]
[Result "0-1"]
[WhiteElo "1977"]
[BlackElo "1907"]
[PlyCount "56"]
[EventDate "2011.12.02"]
[EventType "swiss"]
[EventRounds "10"]
[EventCountry "ESP"]
[SourceTitle "CBM 145 Extra"]
[Source "ChessBase"]
[SourceDate "2012.01.03"]
[SourceVersion "1"]
[SourceVersionDate "2012.01.03"]
[SourceQuality "1"]

1. e4 e6 2. d3 d5 3. Nd2 g6 4. g3 Bg7 5. Bg2 Nf6 6. Ngf3 0-0 7. 0-0 c5 8. Re1 Nc6 9. a4 a5 10. c3 b6 11. Nf1 dxe4 12. dxe4 Qc7 13. Bf4 e5 14. Bg5 Be6 15. Qe2 Nd7 16. Rad1 f6 17. Bc1 Bb3 18. Rd2 c4 19. Ne3 Ne7 20. Bh3 f5 21. Rxd7 Qxd7 22. Nxc4 Qc7 23. Ncd2 Bxa4 24. exf5 Nxf5 25. Qe4 Qc6 26. Nc4 Qxe4 27. Rxe4 Bc6 28. Bxf5 Rxf5 0-1

[Event "Almansa op-B 6th"]
[Site "Almansa"]
[Date "2011.08.13"]
[Round "8.2"]
[White "Martinez Hernandez, Javier"]
[Black "Boj Marques, Javier"]
[Result "0-1"]
[WhiteElo "1972"]
[BlackElo "1968"]
[PlyCount "114"]
[EventDate "2011.08.09"]
[EventType "swiss"]
[EventRounds "9"]
[EventCountry "ESP"]
[SourceTitle "EXT 2024"]
[Source "ChessBase"]
[SourceDate "2023.10.10"]
[SourceVersion "1"]
[SourceVersionDate "2023.10.10"]
[SourceQuality "1"]

1. Nf3 d5 2. d4 Nf6 3. e3 c6 4. c4 e6 5. Nc3 Nbd7 6. cxd5 exd5 7. Bd3 Bd6 8. 0-0 0-0 9. Qc2 Re8 10. Re1 h6 11. Rb1 Nf8 12. h3 Bd7 13. b4 b6 14. Bd2 Rc8 15. Na4 Ne4 16. Rec1 Qf6 17. Bxe4 Rxe4 18. Nc3 Ree8 19. e4 dxe4 20. Nxe4 Qg6 21. Nxd6 Qxd6 22. Be3 Ng6 23. Qd2 Qd5 24. Kh2 Bf5 25. Rb3 Be4 26. Bf4 Rcd8 27. Rbc3 Re6 28. Bg3 Bxf3 29. gxf3 Qxd4 30. Qxd4 Rxd4 31. a3 Ne7 32. Bb8 Rd7 33. Kg1 f6 34. Kf1 Kf7 35. a4 Rb7 36. Bg3 a6 37. Re1 Rxe1+ 38. Kxe1 Rd7 39. Ke2 Rd4 40. b5 axb5 41. axb5 cxb5 42. Rc7 b4 43. Rb7 Ke6 44. Rxb6+ Kd5 45. Rd6+ Kc4 46. Rxd4+ Kxd4 47. Bd6 Nd5 48. Kd2 g6 49. Bf8 h5 50. h4 Kc4 51. Kc2 g5 52. hxg5 fxg5 53. Kd2 h4 54. Ke2 b3 55. Ba3 Kc3 56. f4 Nxf4+ 57. Kf3 b2 0-1

[Event "Benidorm op U2000 08th"]
[Site "Benidorm"]
[Date "2009.12.07"]
[Round "10"]
[White "Martinez Hernandez, Javier"]
[Black "Torino Caballero, Luis Ferrand"]
[Result "0-1"]
[WhiteElo "1988"]
[BlackElo "1954"]
[PlyCount "133"]
[EventDate "2009.11.28"]
[EventType "swiss"]
[EventRounds "10"]
[EventCountry "ESP"]
[SourceTitle "CBM 133 Extra"]
[Source "ChessBase"]
[SourceDate "2010.01.05"]
[SourceVersion "1"]
[SourceVersionDate "2010.01.05"]
[SourceQuality "1"]

1. d4 Nf6 2. Nf3 g6 3. c4 Bg7 4. Nc3 0-0 5. e4 d6 6. Be2 e5 7. dxe5 dxe5 8. Qxd8 Rxd8 9. Bg5 c6 10. 0-0 Bg4 11. Rfd1 Na6 12. h3 Bxf3 13. Bxf3 Nb4 14. Rac1 Nd3 15. Rc2 Nc5 16. Rcd2 Ne6 17. Be3 b6 18. Kf1 Rxd2 19. Rxd2 Rd8 20. Rxd8+ Nxd8 21. Bd1 Kf8 22. a4 Ke7 23. a5 bxa5 24. Bxa7 Kd7 25. Bb6 Nb7 26. Ba4 Kd6 27. f3 Nd7 28. Be3 Bf6 29. Bc2 Be7 30. Ke2 Kc7 31. Na4 Bc5 32. Nxc5 Ndxc5 33. b3 f6 34. Bd2 Ne6 35. Bd1 g5 36. g3 c5 37. Ke3 Kd6 38. Kf2 h6 39. h4 h5 40. f4 g4 41. fxe5+ fxe5 42. Bc3 Ned8 43. Ke3 Ke6 44. Kd3 Nc6 45. Kc2 Nbd8 46. Kb2 Nb4 47. Bc2 Ndc6 48. Bd1 Nd4 49. Ka3 Kd6 50. Ka4 Ndc6 51. Kb5 Na2 52. Bd2 Nab4 53. Kb6 Nd3 54. Be3 Nd4 55. Kxa5 Kc6 56. Bxd4 exd4 57. Be2 Ne5 58. b4 d3 59. b5+ Kb7 60. Bxd3 Nxd3 61. Ka4 Kb6 62. Kb3 Nc1+ 63. Kc2 Ne2 64. Kd2 Nxg3 65. Ke3 Nf1+ 66. Ke2 Nh2 67. e5 0-1

[Event "Benidorm op U2000 08th"]
[Site "Benidorm"]
[Date "2009.12.06"]
[Round "9"]
[White "Nadal Bestard, Sebastian"]
[Black "Martinez Hernandez, Javier"]
[Result "0-1"]
[WhiteElo "1866"]
[BlackElo "1988"]
[PlyCount "108"]
[EventDate "2009.11.28"]
[EventType "swiss"]
[EventRounds "10"]
[EventCountry "ESP"]
[SourceTitle "CBM 133 Extra"]
[Source "ChessBase"]
[SourceDate "2010.01.05"]
[SourceVersion "1"]
[SourceVersionDate "2010.01.05"]
[SourceQuality "1"]

1. c4 Nf6 2. Nc3 g6 3. g3 Bg7 4. Bg2 0-0 5. Nf3 d6 6. d4 Na6 7. 0-0 c5 8. b3 Rb8 9. Bb2 Bd7 10. Re1 Qc8 11. Rc1 Rd8 12. e4 cxd4 13. Nxd4 Nc5 14. Nd5 Kf8 15. b4 Ne6 16. Nb5 Bxb5 17. cxb5 Qd7 18. Nxf6 Bxf6 19. Bxf6 exf6 20. a4 Rbc8 21. Qd5 Rc7 22. Bh3 Rdc8 23. Rxc7 Rxc7 24. Kg2 h5 25. Rd1 Ke7 26. f4 Rc2+ 27. Rd2 Rc3 28. f5 Ng5 29. e5 Kf8 30. Qd4 Rc1 31. e6 Qe7 32. exf7 Kxf7 33. fxg6+ Kxg6 34. Rf2 Rg1+ 35. Kxg1 Nxh3+ 36. Kg2 Nxf2 37. Kxf2 b6 38. a5 Qe5 39. Qc4 d5 40. Qc6 d4 41. axb6 Qe3+ 42. Kg2 axb6 43. Qc2+ d3 44. Qf2 Qe4+ 45. Kg1 Qxb4 46. Qe3 Qb1+ 47. Kf2 Qc2+ 48. Kf3 d2 49. Qe8+ Kf5 50. Qxh5+ Ke6 51. Qg4+ Kd6 52. Qd4+ Ke6 53. Qxb6+ Kf7 54. Qb7+ Kg6 0-1

[Event "Provincial-ch Valencia Preferente"]
[Site "Valencia"]
[Date "2009.11.21"]
[Round "7"]
[White "Alonso Igual, Ignacio"]
[Black "Martinez Hernandez, Javier"]
[Result "1/2-1/2"]
[WhiteElo "1864"]
[BlackElo "2009"]
[PlyCount "90"]
[EventDate "2009.10.03"]
[EventType "swiss"]
[EventRounds "7"]
[EventCountry "ESP"]
[SourceTitle "EXT 2024"]
[Source "ChessBase"]
[SourceDate "2023.10.10"]
[SourceVersion "1"]
[SourceVersionDate "2023.10.10"]
[SourceQuality "1"]

1. d4 Nf6 2. Bf4 g6 3. e3 Bg7 4. Nf3 0-0 5. Be2 b6 6. 0-0 Bb7 7. Nbd2 d5 8. Ne5 Nbd7 9. Nxd7 Nxd7 10. Nf3 c5 11. c3 Re8 12. a4 a6 13. h3 e5 14. Nxe5 Nxe5 15. Bxe5 Bxe5 16. dxe5 Rxe5 17. Bf3 Qd6 18. Qc2 Rae8 19. Rfd1 Qe7 20. c4 dxc4 21. Bxb7 Qxb7 22. Qxc4 Rg5 23. Qf1 Qe4 24. Rd2 h5 25. b3 Qe6 26. Kh1 Qxb3 27. Qxa6 Rf5 28. Qe2 Re4 29. Rb2 Qc3 30. Rab1 Rf6 31. Rxb6 Rxb6 32. Rxb6 Rxa4 33. Rb8+ Kg7 34. Qb2 Qxb2 35. Rxb2 Kf6 36. Rc2 c4 37. Kg1 Ke5 38. Kf1 Kd5 39. Ke2 Ra1 40. Kd2 Rg1 41. g3 h4 42. gxh4 Rh1 43. Ra2 Rxh3 44. Ra5+ Ke6 45. Rc5 Rxh4 1/2-1/2

[Event "Provincial-ch Valencia Preferente"]
[Site "Valencia"]
[Date "2009.10.03"]
[Round "1"]
[White "Cerdan Herraez, Manuel Vicente"]
[Black "Martinez Hernandez, Javier"]
[Result "1-0"]
[WhiteElo "1899"]
[BlackElo "2009"]
[PlyCount "41"]
[EventDate "2009.10.03"]
[EventType "swiss"]
[EventRounds "7"]
[EventCountry "ESP"]
[SourceTitle "EXT 2024"]
[Source "ChessBase"]
[SourceDate "2023.10.10"]
[SourceVersion "1"]
[SourceVersionDate "2023.10.10"]
[SourceQuality "1"]

1. e4 c5 2. Nc3 Nc6 3. Nf3 e5 4. Bb5 d6 5. d3 Be7 6. Nd5 a6 7. Bxc6+ bxc6 8. Nxe7 Qxe7 9. h3 h6 10. Bd2 Nf6 11. Qe2 Be6 12. b3 0-0 13. g4 Nh7 14. Rg1 a5 15. a4 Rfd8 16. h4 d5 17. g5 hxg5 18. Nxg5 Nxg5 19. Bxg5 Qd7 20. Bf6 g6 21. Qh5 1-0

[Event "Cullera Bahia op 15th"]
[Site "Cullera"]
[Date "2009.07.28"]
[Round "7"]
[White "Martinez Hernandez, Javier"]
[Black "Martinez Tormo, Jorge"]
[Result "1/2-1/2"]
[WhiteElo "2001"]
[BlackElo "2169"]
[PlyCount "104"]
[EventDate "2009.07.21"]
[EventType "swiss"]
[EventRounds "9"]
[EventCountry "ESP"]
[SourceTitle "EXT 2010"]
[Source "ChessBase"]
[SourceDate "2010.11.25"]
[SourceVersion "1"]
[SourceVersionDate "2010.11.25"]
[SourceQuality "1"]

1. e4 c5 2. Nc3 Nc6 3. g3 g6 4. Bg2 Bg7 5. Nf3 e6 6. 0-0 Nge7 7. Re1 d6 8. d3 0-0 9. Bg5 h6 10. Bd2 Kh7 11. Qc1 e5 12. a4 Be6 13. Nd1 f5 14. Nh4 f4 15. gxf4 exf4 16. Bxf4 g5 17. Bxg5 hxg5 18. Qxg5 Bh6 19. Qh5 Qe8 20. Qxe8 Raxe8 21. Ne3 Nd4 22. Rac1 Bg5 23. Nhf5 Nexf5 24. exf5 Bxf5 25. a5 Bc8 26. Be4+ Rxe4 27. dxe4 Nf3+ 28. Kg2 Nxe1+ 29. Rxe1 Be6 30. h3 Bd8 31. Rd1 Rg8+ 32. Ng4 Bxg4 33. hxg4 Rxg4+ 34. Kf3 Rg6 35. e5 Bc7 36. exd6 Bxd6 37. Ke4 Kg7 38. f4 Rf6 39. f5 Kf7 40. Rh1 Bf8 41. Rd1 Rd6 42. Rxd6 Bxd6 43. Kd5 Ke7 44. a6 bxa6 45. Kc6 a5 46. b3 c4 47. f6+ Ke6 48. f7 cxb3 49. cxb3 Bb4 50. Kb7 Kd5 51. Kxa7 Kd4 52. Ka6 Kc3 1/2-1/2

[Event "Cullera Bahia op 15th"]
[Site "Cullera"]
[Date "2009.07.24"]
[Round "4"]
[White "Martinez Hernandez, Javier"]
[Black "Pradas Soria, Ernesto"]
[Result "1-0"]
[WhiteElo "2001"]
[BlackElo "1929"]
[PlyCount "64"]
[EventDate "2009.07.21"]
[EventType "swiss"]
[EventRounds "9"]
[EventCountry "ESP"]
[SourceTitle "EXT 2010"]
[Source "ChessBase"]
[SourceDate "2010.11.25"]
[SourceVersion "1"]
[SourceVersionDate "2010.11.25"]
[SourceQuality "1"]

1. d4 Nf6 2. Nf3 g6 3. c4 Bg7 4. Nc3 c5 5. d5 d6 6. e4 0-0 7. h3 b5 8. cxb5 a6 9. bxa6 Bxa6 10. Bxa6 Rxa6 11. 0-0 Nbd7 12. Be3 Qa5 13. Qc2 Rb8 14. Nd2 Qc7 15. Rfc1 Nb6 16. Rab1 Rba8 17. b3 Nfd7 18. Nb5 Qd8 19. a4 Rc8 20. Qd3 c4 21. Bxb6 Nxb6 22. Nxc4 Nd7 23. Qe3 Nc5 24. g3 Rb8 25. e5 Qd7 26. exd6 exd6 27. Ncxd6 Nb7 28. Nxb7 Rxb7 29. Rd1 Rb8 30. Kg2 Re8 31. Qd3 h5 32. Nc7 Be5 1-0

[Event "Mislata op 16th"]
[Site "Mislata"]
[Date "2008.08.26"]
[Round "2"]
[White "Ivanov, Jordan"]
[Black "Martinez Hernandez, Javier"]
[Result "1-0"]
[WhiteElo "2421"]
[BlackElo "2025"]
[PlyCount "57"]
[EventDate "2008.08.25"]
[EventType "swiss"]
[EventRounds "9"]
[EventCountry "ESP"]
[SourceTitle "CBM 126 Extra"]
[Source "ChessBase"]
[SourceDate "2008.11.05"]
[SourceVersion "1"]
[SourceVersionDate "2008.11.05"]
[SourceQuality "1"]

1. Nf3 Nf6 2. c4 d6 3. d4 Nbd7 4. Nc3 c6 5. e4 e5 6. Be2 exd4 7. Nxd4 Nc5 8. f3 Be7 9. Be3 a5 10. Qd2 0-0 11. 0-0 a4 12. Rfd1 Ne8 13. Nxc6 bxc6 14. Bxc5 Bf6 15. Bd4 a3 16. b3 Qa5 17. Rac1 Qh5 18. Bxf6 gxf6 19. f4 Bg4 20. f5 Kh8 21. Bxg4 Qxg4 22. Qf2 Rg8 23. Rd3 Qh5 24. Re1 Ra5 25. Ne2 Re5 26. Nf4 Qh6 27. Rh3 Qg5 28. Ree3 Qg4 29. Rhg3 1-0

[Event "Mislata op 15th"]
[Site "Mislata"]
[Date "2007.08.27"]
[Round "6"]
[White "Martinez Hernandez, Javier"]
[Black "Serna Lara, Sergio"]
[Result "0-1"]
[WhiteElo "2052"]
[BlackElo "2270"]
[PlyCount "111"]
[EventDate "2007.08.22"]
[EventType "swiss"]
[EventRounds "9"]
[EventCountry "ESP"]
[SourceTitle "CBM 120 Extra"]
[Source "ChessBase"]
[SourceDate "2007.11.01"]
[SourceVersion "1"]
[SourceVersionDate "2007.11.01"]
[SourceQuality "1"]

1. Nf3 d5 2. g3 Bg4 3. Bg2 c6 4. 0-0 Nd7 5. d3 e6 6. Nbd2 Bd6 7. c4 Ngf6 8. Rb1 a5 9. b3 0-0 10. Re1 e5 11. e4 dxe4 12. dxe4 Nc5 13. Qc2 Re8 14. h3 Bh5 15. Bb2 Bc7 16. Ba3 Qd3 17. Qxd3 Nxd3 18. Re2 Bb6 19. c5 Bxc5 20. Bxc5 Nxc5 21. g4 Bg6 22. Nh4 Nfd7 23. Nc4 Nf8 24. Rd1 f6 25. Nf5 Nfe6 26. Red2 Kf8 27. f3 Bxf5 28. gxf5 Nd4 29. f4 b5 30. fxe5 fxe5 31. Nxe5 Ndxb3 32. Nd7+ Nxd7 33. Rxd7 Nc5 34. Rc7 Rec8 35. Rxc8+ Rxc8 36. Kf2 Ke7 37. Ke3 Nd7 38. h4 Nb6 39. Bf1 b4 40. e5 c5 41. Rd6 Nd7 42. Bc4 Rb8 43. Ra6 a4 44. Ra7 Ke8 45. Ke4 b3 46. f6 gxf6 47. e6 Ne5 48. axb3 axb3 49. Rxh7 Rb4 50. Kf5 Rxc4 51. Kxf6 Ng4+ 52. Kf5 b2 53. Rh8+ Ke7 54. Rh7+ Kd6 55. Rd7+ Kc6 56. Rd1 0-1

[Event "Mislata op 15th"]
[Site "Mislata"]
[Date "2007.08.23"]
[Round "2"]
[White "Sospedra Sebastian, Juan"]
[Black "Martinez Hernandez, Javier"]
[Result "1-0"]
[WhiteElo "2303"]
[BlackElo "2052"]
[PlyCount "49"]
[EventDate "2007.08.22"]
[EventType "swiss"]
[EventRounds "9"]
[EventCountry "ESP"]
[SourceTitle "CBM 120 Extra"]
[Source "ChessBase"]
[SourceDate "2007.11.01"]
[SourceVersion "1"]
[SourceVersionDate "2007.11.01"]
[SourceQuality "1"]

1. d4 Nf6 2. c4 d6 3. Nc3 e5 4. Nf3 e4 5. Nd2 Qe7 6. Nb3 Bf5 7. d5 Nbd7 8. Nd4 g6 9. h3 Nc5 10. b4 Nd3+ 11. exd3 exd3+ 12. Be3 Bh6 13. Qd2 0-0 14. 0-0-0 Bg7 15. Nxf5 gxf5 16. Bxd3 b5 17. Rhe1 Ne4 18. Bxe4 fxe4 19. Bd4 f5 20. g4 a5 21. gxf5 axb4 22. Nxe4 Rxf5 23. Bxg7 Kxg7 24. Ng3 Re5 25. Nf5+ 1-0

[Event "Cullera op-A"]
[Site "Cullera"]
[Date "2007.07.12"]
[Round "9"]
[White "Remoli Sargues, Francisco"]
[Black "Martinez Hernandez, Javier"]
[Result "1-0"]
[WhiteElo "2267"]
[BlackElo "2052"]
[PlyCount "127"]
[EventDate "2007.07.06"]
[EventType "swiss"]
[EventRounds "9"]
[EventCountry "ESP"]
[SourceTitle "CBM 119 Extra"]
[Source "ChessBase"]
[SourceDate "2007.09.04"]
[SourceVersion "1"]
[SourceVersionDate "2007.09.04"]
[SourceQuality "1"]

1. e4 e5 2. Nf3 Nc6 3. Bc4 Be7 4. 0-0 Nf6 5. d3 d6 6. c3 0-0 7. Bb3 Bg4 8. Nbd2 Qd7 9. Re1 a5 10. h3 Be6 11. Bc2 Ne8 12. d4 exd4 13. Nxd4 Nxd4 14. cxd4 d5 15. exd5 Bxd5 16. Ne4 f5 17. Nc3 Bf7 18. Ba4 c6 19. d5 Bf6 20. dxc6 Qxd1 21. Rxd1 bxc6 22. Bxc6 Ra6 23. Bb5 Ra7 24. Be3 Rb7 25. a4 Nc7 26. Rab1 Bb3 27. Rd7 Bxc3 28. bxc3 Be6 29. Rd6 Rfb8 30. Bf4 Nxb5 31. axb5 Bc4 32. b6 a4 33. Rd4 Rc8 34. Rb4 Bb3 35. Bc7 Kf7 36. c4 Ra8 37. c5 a3 38. Rxb3 a2 39. Rd1 a1Q 40. Rxa1 Rxa1+ 41. Kh2 Rc1 42. Ra3 Ke6 43. Bd6 Rc2 44. f3 g5 45. Ra8 h5 46. Rh8 g4 47. Rh6+ Kd7 48. fxg4 hxg4 49. hxg4 fxg4 50. Rg6 Kc6 51. Rxg4 Rh7+ 52. Kg3 Rf7 53. Rg6 Rc4 54. Rh6 Rc2 55. Kh3 Rf1 56. Bh2+ Kb7 57. Rh7+ Kc6 58. Rc7+ Kd5 59. b7 Rb2 60. c6 Rff2 61. Rc8 Rxg2 62. b8Q Rxh2+ 63. Qxh2 Rxh2+ 64. Kxh2 1-0

[Event "Cullera op-A"]
[Site "Cullera"]
[Date "2007.07.11"]
[Round "8"]
[White "Martinez Hernandez, Javier"]
[Black "Benavent Espi, Vicente"]
[Result "1-0"]
[WhiteElo "2052"]
[BlackElo "2108"]
[PlyCount "67"]
[EventDate "2007.07.06"]
[EventType "swiss"]
[EventRounds "9"]
[EventCountry "ESP"]
[SourceTitle "CBM 119 Extra"]
[Source "ChessBase"]
[SourceDate "2007.09.04"]
[SourceVersion "1"]
[SourceVersionDate "2007.09.04"]
[SourceQuality "1"]

1. d4 Nf6 2. Nf3 e6 3. c4 c5 4. e3 cxd4 5. exd4 d5 6. Nc3 Bb4 7. Bd3 dxc4 8. Bxc4 Qc7 9. Qb3 Nc6 10. 0-0 Bxc3 11. bxc3 0-0 12. Bd3 Na5 13. Qd1 h6 14. Qe2 b6 15. Ba3 Rd8 16. Rfe1 Bb7 17. Ne5 Nc6 18. Rac1 Ne7 19. Nxf7 Qc6 20. Nxh6+ gxh6 21. Qxe6+ Kh8 22. Qxc6 Nxc6 23. Re6 Kg7 24. Rce1 Re8 25. d5 Rxe6 26. dxe6 Re8 27. f4 Nd5 28. f5 Nf4 29. Be4 Na5 30. Bd6 Bxe4 31. Be5+ Kf8 32. Rxe4 Nxe6 33. fxe6 Rxe6 34. Bg7+ 1-0

[Event "Cullera op-A"]
[Site "Cullera"]
[Date "2006.07.21"]
[Round "2"]
[White "Martinez Hernandez, Javier"]
[Black "Kovacevic, Slobodan"]
[Result "1/2-1/2"]
[WhiteElo "2029"]
[BlackElo "2340"]
[PlyCount "67"]
[EventDate "2006.07.20"]
[EventType "swiss"]
[EventRounds "9"]
[EventCountry "ESP"]
[SourceTitle "EXT 2007"]
[Source "ChessBase"]
[SourceDate "2006.11.23"]
[SourceVersion "1"]
[SourceVersionDate "2006.11.23"]
[SourceQuality "1"]

1. Nf3 c5 2. g3 b6 3. Bg2 Bb7 4. 0-0 Nf6 5. c4 e6 6. Nc3 a6 7. d3 d6 8. e4 Qc7 9. Qe2 Nc6 10. Bf4 Nd7 11. Rad1 Be7 12. d4 cxd4 13. e5 dxe5 14. Nxe5 Ndxe5 15. Nd5 exd5 16. cxd5 f6 17. dxc6 Bxc6 18. Bxe5 fxe5 19. Rc1 Bc5 20. Bxc6+ Qxc6 21. Qxe5+ Kf7 22. b4 Rhc8 23. bxc5 bxc5 24. Rfd1 Qf3 25. Re1 Qc6 26. Re4 Re8 27. Rf4+ Kg8 28. Rxc5 Rxe5 29. Rxc6 Rd8 30. Rc1 Ra5 31. Rd1 Rxa2 32. Rfxd4 Rxd4 33. Rxd4 a5 34. Rd7 1/2-1/2